<?xml version="1.0" encoding="UTF-8"?>
<record
    xmlns:xsi="http://www.w3.org/2001/XMLSchema-instance"
    xsi:schemaLocation="http://www.loc.gov/MARC21/slim http://www.loc.gov/standards/marcxml/schema/MARC21slim.xsd"
    xmlns="http://www.loc.gov/MARC21/slim">

  <leader>01257nam a2200265   4500</leader>
  <controlfield tag="003">DO-SdBJH</controlfield>
  <controlfield tag="005">20250523130657.0</controlfield>
  <controlfield tag="008">250522b2019    |||c|||| |||| 00| 0 spa d</controlfield>
  <datafield tag="020" ind1=" " ind2=" ">
    <subfield code="a">978-84-17963-07-1</subfield>
  </datafield>
  <datafield tag="040" ind1=" " ind2=" ">
    <subfield code="a">DO-SdBJH</subfield>
    <subfield code="b">spa</subfield>
    <subfield code="c">DO-SdBJH</subfield>
  </datafield>
  <datafield tag="041" ind1=" " ind2=" ">
    <subfield code="a">spa</subfield>
  </datafield>
  <datafield tag="082" ind1=" " ind2=" ">
    <subfield code="a">658.3 C639d 2019</subfield>
  </datafield>
  <datafield tag="100" ind1=" " ind2=" ">
    <subfield code="a">Rath, Tom</subfield>
  </datafield>
  <datafield tag="245" ind1="1" ind2="0">
    <subfield code="a">Descubre tus fortalezas :</subfield>
    <subfield code="b">strengthsfinder 2.0 / </subfield>
    <subfield code="c">Tom Rath ; editores Ariela Rodr&#xED;guez, Ram&#xF3;n Revert&#xE9; ; traducci&#xF3;n Gen&#xED;s Monrab&#xE1; Bueno.</subfield>
  </datafield>
  <datafield tag="260" ind1=" " ind2=" ">
    <subfield code="a">Barcelona, Espa&#xF1;a :</subfield>
    <subfield code="b">De Gallup, </subfield>
    <subfield code="b">Revert&#xE9; Management,</subfield>
    <subfield code="c">2019.</subfield>
  </datafield>
  <datafield tag="300" ind1=" " ind2=" ">
    <subfield code="a">xiv, 366 p&#xE1;ginas. :</subfield>
    <subfield code="b">retrato</subfield>
  </datafield>
  <datafield tag="505" ind1=" " ind2=" ">
    <subfield code="a">Descubre tus fortalezas: la nueva generaci&#xF3;n -- Parte I.  Descubre tus fortalezas. Una introducci&#xF3;n. -- Parte II. Aplicando tus fortalezas -- Parte III. Descubre la fuente de tus fortalezas -- Parte IV. &#xBF;C&#xF3;mo usar tus fortalezas? -- Parte V. Pon tus fortalezas a trabajar -- Una pregunta muy frecuente -- La historia de Cliftonstrengths -- Sobre Gallup.</subfield>
  </datafield>
  <datafield tag="650" ind1=" " ind2="7">
    <subfield code="2">sears</subfield>
    <subfield code="a">Administraci&#xF3;n de personal</subfield>
  </datafield>
  <datafield tag="650" ind1=" " ind2="7">
    <subfield code="2">sears</subfield>
    <subfield code="a">Liderazgo</subfield>
  </datafield>
  <datafield tag="650" ind1=" " ind2="7">
    <subfield code="2">sears</subfield>
    <subfield code="a">Psicolog&#xED;a aplicada</subfield>
  </datafield>
  <datafield tag="700" ind1="1" ind2=" ">
    <subfield code="a">Rodr&#xED;guez, Ariela</subfield>
    <subfield code="e">editora</subfield>
  </datafield>
  <datafield tag="700" ind1="1" ind2=" ">
    <subfield code="a">Revert&#xE9;, Ram&#xF3;n</subfield>
    <subfield code="q">editor</subfield>
  </datafield>
  <datafield tag="700" ind1="1" ind2=" ">
    <subfield code="a">Monrab&#xE1; Bueno, Gen&#xED;s</subfield>
    <subfield code="q">traductor</subfield>
  </datafield>
  <datafield tag="942" ind1=" " ind2=" ">
    <subfield code="2">ddc</subfield>
    <subfield code="c">BK</subfield>
    <subfield code="z">3</subfield>
  </datafield>
  <datafield tag="999" ind1=" " ind2=" ">
    <subfield code="c">8205</subfield>
    <subfield code="d">8205</subfield>
  </datafield>
  <datafield tag="952" ind1=" " ind2=" ">
    <subfield code="0">0</subfield>
    <subfield code="1">0</subfield>
    <subfield code="2">ddc</subfield>
    <subfield code="4">0</subfield>
    <subfield code="7">0</subfield>
    <subfield code="8">CG</subfield>
    <subfield code="a">BJHA</subfield>
    <subfield code="b">BJHA</subfield>
    <subfield code="c">GEN</subfield>
    <subfield code="d">2025-05-23</subfield>
    <subfield code="i">25-03191</subfield>
    <subfield code="l">0</subfield>
    <subfield code="o">658.3 C639d 2019</subfield>
    <subfield code="p">25-03191</subfield>
    <subfield code="r">2025-05-23 13:08:53</subfield>
    <subfield code="t">e.1</subfield>
    <subfield code="w">2025-05-23</subfield>
    <subfield code="y">BK</subfield>
  </datafield>
</record>
